LDR 00694naa#a2200181#i#450# 001 EN\\bibl\119352 005 20260415152116.3 011 ## _a2949-1258 100 ## _a20260403b2026####ek#y0engy0150####ca 102 ## _aRU 200 1# _aSpecifics of assessment in electronic training courses on teaching a foreign language at a university _eJournal article 210 1# _aVladivostok _cVladivostok State University _d2026 215 ## _a16 с. 608 ## _aJournal article _2local 675 ## _aНародное образование. Воспитание. Обучение. Организация досуга. 37 _z 700 #1 _aLeonid E. Pak _gLeonid Evgen'evich 700 #1 _aDolgaya _gEva P. 856 4# _avvgu.editorum.ru _u